[Event "ICS rated blitz match"]
[Site "207.99.83.227"]
[Date "1999.05.15"]
[Round "?"]
[White "Hossa"]
[Black "JudgeTurpin"]
[Result "0-1"]
[WhiteElo "2497"]
[BlackElo "2648"]
[Annotator "Crafty v16.6"]
[PlyCount "115"]

{annotating for player ossa using a scoring margin of +0.20 pawns. search time
limit is 1:00} 1. e4 1... e5 2. f4 exf4 3. Nf3 d6 4. d4 g5 5. h4 ({9:-1.06} 5.
h4 5... g4 6. Ng1 f3 7. gxf3 Be7 8. Kd2 g3 9. Bb5+ 9... c6 $17) ({9:-0.67} 5.
h3 5... Bh6 6. Nc3 Bd7 7. Bc4 Nc6 8. Bd2 Nf6 9. Rf1 $15) 5... g4 6. Ng5 ({
10:-2.09} 6. Ng5 6... f6 7. Nxh7 Rxh7 8. Bxf4 Rh5 9. Be2 f5 10. Bb5+ Bd7 11.
Bg5 $19) ({10:-1.37} 6. Ng1 6... f3 7. gxf3 Be7 8. h5 Bh4+ 9. Ke2 g3 10. Kd3
Nc6 11. Bg2 $17) 6... f6 7. Nh3 ({10:-2.63} 7. Nh3 7... gxh3 8. Qh5+ Kd7 9.
Rxh3 Nc6 10. Rd3 Qe7 11. Qg4+ Kd8 12. Qxf4 12... Be6 $19) ({10:-2.25} 7. Nxh7
7... Rxh7 8. Bc4 Ne7 9. Bxf4 Ng6 10. Bg3 Rh5 11. Nc3 11... Nc6 $19) 7... gxh3
8. Qh5+ Kd7 9. Rxh3 Qe8 10. Qxe8+ Kxe8 11. Rc3 f5 12. exf5 ({11:-2.94} 12. exf5
12... Kd8 13. Bxf4 Bh6 14. Be3 Bxf5 15. Na3 Bg4 16. Be2 Bxe2 17. Bxh6 $19) ({
11:-2.37} 12. Rxc7 12... Nc6 13. d5 Ne5 14. exf5 Kd8 15. Rxc8+ Rxc8 16. Nc3 Bh6
17. Ne4 17... Ke7 $19) 12... c6 13. Bxf4 Bxf5 14. Nd2 Be7 15. O-O-O Nf6 16. Re1
Kd7 17. Bg5 ({10:-2.35} 17. Bg5 17... Nd5 18. Rb3 Bxg5 19. hxg5 Kc7 20. Bc4 Nd7
21. Bxd5 cxd5 22. Rc3+ Kd8 23. Rce3 $19) ({10:-1.76} 17. Rf3 17... Bg4 18. Rb3
b5 19. Bg5 Re8 20. Rg3 Bf5 21. Rf3 21... Bg4 $19) 17... Nd5 18. Bxe7 ({10:-2.93
} 18. Bxe7 18... Nxc3 19. bxc3 Re8 20. g4 Bxg4 21. Re4 Be6 22. Bf6 22... Bxa2
$19) ({10:-2.39} 18. Rb3 18... Bxg5 19. hxg5 Kc7 20. Bc4 Nb6 21. Rf3 d5 22.
Rxf5 Nxc4 23. Re7+ Nd7 24. Nxc4 24... dxc4 $19) 18... Nxc3 19. bxc3 Re8 20. g4
Bxg4 21. Ne4 ({12:-2.77} 21. Ne4 21... Kxe7 22. Nxd6+ Kxd6 23. Rxe8 Be6 24. Kb2
Bf7 25. Rh8 Bg6 26. Bd3 26... Kd5 $19) ({12:-2.31} 21. Re4 21... Bf5 22. Rf4
Kxe7 23. Rxf5 Nd7 24. Ne4 Rg8 25. Ng5 Raf8 26. Bd3 Rxf5 27. Bxf5 $19) 21...
Kxe7 22. Nxd6+ Kxd6 23. Rxe8 h5 24. Bc4 c5 25. Rh8 Bf3 26. Bf7 b6 27. Bxh5 ({
11:-1.68} 27. Bxh5 27... Bxh5 28. Rxh5 Nd7 29. Rg5 Rf8 30. h5 Rf1+ 31. Kb2 Rd1
32. Rg6+ Kc7 33. dxc5 Nxc5 34. Rg7+ 34... Nd7 $19) ({11:-1.26} 27. Rh6+ 27...
Kc7 28. Bxh5 Bxh5 29. Rxh5 Nd7 30. Rf5 Kd6 31. Kd2 Rf8 32. Rxf8 Nxf8 33. h5 $17
) 27... Be4 28. Re8 ({10:-1.55} 28. Re8 28... Bd5 29. Kd2 Nd7 30. Rxa8 Bxa8 31.
Bf7 Nf6 32. h5 Ne4+ 33. Kd3 33... Bc6 $19) ({10:-1.27} 28. Rh6+ 28... Kc7 29.
Bg6 Bg2 30. Bf7 Nd7 31. d5 Ne5 32. Rh7 Kd6 33. Rh6+ 33... Kc7 $17) 28... Bb7
29. Bf7 Nc6 30. Re6+ ({12:-1.47} 30. Re6+ 30... Kd7 31. d5 Na5 32. Rg6 Rh8 33.
Rg4 Ke7 34. Bg8 Kd6 35. Kd1 c4 36. Rg6+ 36... Kc5 $17) ({12:-1.15} 30. Rxa8
30... Bxa8 31. h5 Ne7 32. h6 Be4 33. Kd2 Bh7 34. Bc4 Nf5 35. Bd3 Kd5 36. Bxf5
36... Bxf5 $17) 30... Kd7 31. d5 Ne7 32. c4 Rh8 33. Re4 Rh6 34. a4 Kd6 35. Rf4
Ke5 36. Rg4 Bc8 37. Rg5+ Nf5 38. h5 Kf6 39. Rg8 Ne7 40. Rf8 Kg7 41. Rd8 Kxf7
42. d6 Be6 43. dxe7 Kxe7 44. Rb8 Kd6 45. Rb7 Rxh5 46. Rxa7 Bxc4 47. Kb2 Rh2 48.
Ra8 Bd5 49. Rd8+ Kc6 50. Re8 Rh4 51. Ka3 Kd7 52. Rb8 Rh2 53. Kb2 Kc7 54. Rf8
Be4 55. Rf4 Bxc2 56. Kc3 Kb7 57. a5 b5 58. Rf6 0-1

[Event "ICS rated blitz match"]
[Site "207.99.83.227"]
[Date "1999.05.15"]
[Round "?"]
[White "Hossa"]
[Black "TinyTim"]
[Result "1-0"]
[WhiteElo "2488"]
[BlackElo "2507"]
[Annotator "Fritz 5.32 (15s)"]
[PlyCount "15"]

1. e4 e5 2. f4 exf4 3. Nf3 g5 4. Bc4 Be7 5. Ne5 $146 (5. d4 d6 6. O-O h5 7. Nc3
Nd7 8. Nd5 Nb6 9. Bb3 Nxd5 10. Bxd5 c6 11. Bb3 Bg4 12. Qd3 Nh6 13. Bd2 Qc7 14.
Rae1 O-O-O 15. Qc3 Kb8 16. d5 c5 17. Qa5 Qc8 18. Qc3 Bd7 19. e5 g4 20. exd6
gxf3 21. dxe7 fxg2 22. Bxf4+ Ka8 23. Rf2 Rdg8 24. Bxh6 Rxh6 25. Rxf7 Be8 26.
Rf8 Rhg6 27. d6 c4 28. Qxc4 {1-0 Wolff,C-Ramezani,H/PF-op Bellheim 1994 (28)})
5... Nh6 6. Qh5 {Mit der Mattdrohung Bxf7} 6... d6 $4 {
fuehrt zum raschen Untergang} (6... d5 $142 7. Bxd5 $1 {Weiss kommt in Vorteil}
7... Qd6 8. Nxf7 Nxf7 9. Bxf7+ 9... Kd8 $16) 7. Bxf7+ $1 {kraeftig gespielt}
7... Nxf7 8. Qxf7# 1-0

[Event "ICS rated blitz match"]
[Site "207.99.83.227"]
[Date "1999.05.15"]
[Round "?"]
[White "Hossa"]
[Black "JudgeTurpin"]
[Result "0-1"]
[WhiteElo "2498"]
[BlackElo "2662"]
[Annotator "Crafty v16.6"]
[PlyCount "89"]

{annotating for player ossa using a scoring margin of +0.20 pawns. search time
limit is 1:00} 1. e4 1... c5 2. Nc3 Nc6 3. Nf3 Nf6 4. Bb5 g6 5. e5 Nh5 6. d3
Nd4 7. Bc4 Bg7 8. Ng5 e6 9. g4 d5 10. exd6 ({9:+0.74} 10. exd6 10... Nf6 11.
Nge4 Nxe4 12. Nxe4 O-O 13. c3 Nc6 14. Be3 14... Qb6 $16) ({9:+1.43} 10. Bb3
10... Qc7 11. gxh5 Qxe5+ 12. Be3 Nxb3 13. axb3 d4 14. hxg6 dxc3 15. gxf7+ 15...
Kd8 $16) 10... Nf6 11. Bf4 ({9:+0.18} 11. Bf4 11... Qb6 12. Bb3 O-O 13. O-O e5
14. Bxe5 Bxg4 15. Qd2 $10) ({9:+0.82} 11. Nce4 11... Nxe4 12. Nxe4 O-O 13. c3
Nc6 14. Be3 b6 15. d4 cxd4 16. cxd4 $16) 11... Bd7 12. Be5 O-O 13. O-O ({
9:-1.51} 13. O-O 13... Nxg4 14. Bf4 Ne5 15. Nce4 h6 16. Bxe5 Bxe5 17. Nh3 17...
Rc8 $19) ({9:-0.08} 13. f4 13... Nxg4 14. Qxg4 Nxc2+ 15. Kf2 Nxa1 16. Rxa1 Qb6
17. Rb1 Qc6 18. Bxg7 18... Kxg7 $10) 13... Nxg4 14. Bf4 Ne5 15. Nce4 h6 16.
Bxe5 Bxe5 17. f4 Bh8 18. Nf3 b5 19. Bb3 Nxf3+ 20. Qxf3 Bxb2 21. Rab1 Bd4+ 22.
Kh1 b4 23. Rbd1 ({9:-2.32} 23. Rbd1 23... Kg7 24. Qg2 Bc6 25. f5 exf5 26. Rxf5
Bxe4 27. dxe4 Qxd6 28. Bd5 $19) ({9:-2.04} 23. Rbe1 23... Kg7 24. Qg3 Re8 25.
Rf3 f5 26. Nd2 Bc6 27. Rxe6 Bxf3+ 28. Qxf3 $19) 23... Kg7 24. Qg2 Rc8 25. Rde1
Re8 26. Bc4 f5 27. Nd2 ({11:-3.31} 27. Nd2 27... Bc6 28. Nf3 Qxd6 29. Re2 Rcd8
30. Qg3 e5 31. fxe5 Bxe5 32. Qh4 32... Bg3 $19) ({11:-2.64} 27. Rg1 27... Bxg1
28. Rxg1 g5 29. fxg5 h5 30. Ba6 fxe4 31. Bxc8 Bxc8 32. Qh3 exd3 33. Qxd3 $19)
27... Bc6 28. Nf3 Qxd6 29. Re2 Qxf4 30. Bxe6 Qg4 31. Qg3 Qxg3 32. hxg3 Kf6 33.
Bxc8 Rxe2 34. Ba6 g5 35. Bb5 Ba8 36. a3 bxa3 37. Bc4 g4 38. c3 Bxf3+ 39. Rxf3
gxf3 40. cxd4 a2 41. Bxa2 Re1+ 42. Kh2 f2 43. Bd5 f1=Q 44. g4 Re2+ 45. Kg3 0-1

[Event "ICS rated blitz match"]
[Site "207.99.83.227"]
[Date "1999.05.15"]
[Round "?"]
[White "Pop-eye"]
[Black "Hossa"]
[Result "1-0"]
[WhiteElo "2306"]
[BlackElo "2489"]
[Annotator "Crafty v16.6"]
[PlyCount "113"]

{annotating for player ossa using a scoring margin of +0.20 pawns. search time
limit is 1:00} 1. d4 1... Nf6 2. Nc3 d5 3. Bg5 e6 4. e4 dxe4 5. Nxe4 Be7 6.
Bxf6 Bxf6 7. Nf3 Be7 8. Bc4 Nc6 9. Qd2 O-O 10. O-O-O Qd7 11. Rhe1 Nb4 12. Ne5
Qa4 13. a3 Nd5 14. Bb3 Qa6 15. c4 Nf6 16. Nxf6+ Bxf6 17. f4 b5 ({10:+0.33} 
17... b5 18. Qb4 bxc4 19. Bxc4 Qd6 20. d5 Qxb4 21. axb4 exd5 22. Bxd5 Rb8 23.
Nc6 23... Rb7 $15) ({10:+0.55} 17... Rd8 18. Qd3 Bd7 19. Qe4 Ba4 20. Bxa4 Qxa4
21. Qxb7 Bxe5 22. dxe5 Qxc4+ 23. Kb1 Rdb8 24. Qe4 $15) 18. c5 Rd8 19. Qe3 b4
20. a4 Bb7 21. g4 Bh4 22. Re2 Bd5 23. Rc2 Rac8 ({10:+0.00} 23... Rac8 24. g5 c6
25. Bxd5 Rxd5 26. Rg2 Qxa4 27. Rg4 Qa1+ 28. Kc2 Qa4+ 29. Kc1 $10) ({10:+0.36} 
23... Bf6 24. Bxd5 Rxd5 25. b3 c6 26. g5 Bd8 27. Qe4 Qb7 28. Re2 $15) 24. g5
Qb7 ({9:-2.29} 24... Qb7 25. Bxd5 Qxd5 26. Nf3 Qa2 27. b3 Qa3+ 28. Kb1 Bxg5 29.
fxg5 29... Rd5 $18) ({9:-1.57} 24... Bc6 25. Nf3 Bxa4 26. Rcd2 Bxb3 27. Qxb3
Bxg5 28. fxg5 Qa1+ 29. Kc2 Qa5 30. Qe3 $18) 25. Bxd5 Qxd5 26. b3 f6 27. Nf3 e5
28. Nxh4 exf4 29. Qf3 fxg5 30. Qxd5+ Rxd5 31. Nf3 c6 32. Re2 g4 33. Ne5 g3 34.
hxg3 fxg3 35. Rg2 Rc7 36. Rxg3 a6 37. Nc4 Rh5 38. Nd6 Re7 39. Rd2 Re1+ 40. Kc2
Re7 41. Kd3 a5 42. Nc4 Ra7 43. Re2 Ra6 44. Re7 g6 45. Rf3 Rh1 46. Rff7 Rh3+ 47.
Ke4 Ra8 48. Ne3 Rh4+ 49. Ke5 Rh3 50. Ng4 Kh8 51. Nf6 Re3+ 52. Kd6 Rxe7 53. Rxe7
Rd8+ 54. Kxc6 Rc8+ 55. Kb7 Rb8+ 56. Kxb8 h6 57. Rh7# 1-0

[Event "ICS rated blitz match"]
[Site "207.99.83.227"]
[Date "1999.05.15"]
[Round "?"]
[White "Hossa"]
[Black "JudgeTurpin"]
[Result "1-0"]
[WhiteElo "2472"]
[BlackElo "2671"]
[PlyCount "171"]

1. e4 e5 2. f4 d5 3. exd5 e4 4. Nc3 Nf6 5. Bb5+ Bd7 6. Qe2 Be7 7. Bxd7+ Nbxd7
8. Nh3 O-O 9. O-O Nc5 10. Qc4 Qd7 11. Ng5 Rad8 12. b4 Na4 13. Ngxe4 Nxc3 14.
Nxc3 Nxd5 15. Nxd5 Qxd5 16. Qxd5 Rxd5 17. Rb1 Re8 18. d3 Bf6 19. Bd2 Bd4+ 20.
Kh1 Rdd8 21. Rbe1 f5 22. Rxe8+ Rxe8 23. Re1 Rxe1+ 24. Bxe1 Kf7 25. b5 c6 26.
bxc6 bxc6 27. h4 Be3 28. g3 Ke6 29. Kg2 Kd5 30. Kf3 Bd4 31. Bf2 Bxf2 32. Kxf2
Kd4 33. Ke2 Kc3 34. Kd1 g6 35. Kc1 a5 36. a3 a4 37. Kb1 Kd2 38. Kb2 c5 39. Kb1
Ke3 40. Kb2 Kf3 41. Kc3 Kxg3 42. Kc4 Kxf4 43. Kxc5 Ke3 44. d4 Ke4 45. d5 f4 46.
d6 f3 47. d7 f2 48. d8=Q f1=Q 49. Qe8+ Kf3 50. Qf8+ Ke2 51. Qxf1+ Kxf1 52. c4
h5 53. Kb4 g5 54. hxg5 h4 55. g6 h3 56. g7 h2 57. g8=Q h1=Q 58. Qd5 Qh4 59.
Qd3+ Kg2 60. Kxa4 Qf4 61. Kb3 Qb8+ 62. Ka2 Qc7 63. a4 Qa7 64. Qe2+ Kg1 65. Qe1+
Kg2 66. a5 Qa6 67. Kb3 Kf3 68. Qb4 Ke4 69. Qb6 Qc8 70. a6 Qh3+ 71. Kb4 Qh2 72.
Qe6+ Kd3 73. Qd5+ Ke3 74. Qc5+ Kd3 75. a7 Qb2+ 76. Ka5 Qc3+ 77. Kb6 Qf6+ 78.
Qc6 Qd4+ 79. c5 Ke3 80. a8=Q Qb2+ 81. Qb5 Qf6+ 82. c6 Qd4+ 83. Qc5 Kd3 84.
Qxd4+ Kxd4 85. Qf8 Kd3 86. c7 {JudgeTurpin resigns} 1-0

[Event "ICS rated blitz match"]
[Site "207.99.83.227"]
[Date "1999.05.15"]
[Round "?"]
[White "Hossa"]
[Black "blunite"]
[Result "1-0"]
[WhiteElo "2509"]
[BlackElo "2277"]
[Annotator "Fritz 5.32 (22s)"]
[PlyCount "81"]

1. e4 1... e5 {Opening = C34 - 3.Nf3 ---} 2. f4 exf4 3. Nf3 d6 4. d4 g5 5. h4
g4 6. Ng5 6... Nf6 $146 (6... h6 7. Nxf7 Kxf7 8. Bc4+ (8. Bxf4 Bg7 9. Bc4+ Ke8
10. O-O Nc6 11. Be3 Qxh4 12. Rf7 Rh7 13. e5 Na5 14. Bd3 Kxf7 15. Qf1+ Ke7 16.
Bxh7 Be6 17. Nd2 Rf8 18. exd6+ cxd6 19. Qe2 Kd8 20. c3 Ne7 21. Re1 Bc4 22. Bf2
Rxf2 23. Qxf2 23... g3 {0-1 Morozevich,A-Kasparov,G/INTEL Rapid 1995 (23)})
8... Ke8 (8... Be6 9. d5 Bd7 10. Bxf4 Bg7 11. O-O Ke8 12. Nd2 Bd4+ 13. Kh1
Qxh4+ 14. Bh2 14... Be5 {0-1 Zachary,J-Wall,B/Winston-Salem North 1975 (14)})
9. Bxf4 h5 10. Qd2 Nf6 11. Nc3 Be7 12. O-O-O Nxe4 13. Nxe4 d5 14. Nf6+ Bxf6 15.
Rde1+ Kf7 16. Bd3 Nc6 17. Rhf1 Kg7 18. Bxc7 Qf8 19. Be5 Rh6 20. Qg5+ Kf7 21.
Rxf6+ Rxf6 22. Qxf6+ Kg8 23. Qg6+ {1-0 Xuereb J-Hesketh B/Manila olw 1992 (23)}
) (6... f6 7. Nh3 gxh3 8. Qh5+ Kd7 9. Bxf4 Qe8 10. Qf3 Kd8 11. Nc3 Nc6 12.
O-O-O hxg2 13. Bxg2 Qg6 14. Rd2 Bh6 15. Nd5 Nge7 16. c4 Nxd5 17. cxd5 Ne7 18.
Rc2 Bg4 19. Qe3 Bxf4 20. Qxf4 h5 21. Qf1 Re8 22. Qb5 b6 23. Kb1 Rc8 24. Rhc1
Bd7 25. Qb3 c6 26. Qa3 Nxd5 27. exd5 27... cxd5 {
0-1 Salmensuu,O-Welin,M/Stockholm SWE 1999 (27)}) 7. Bc4 d5 8. exd5 Bd6 9. O-O
h6 10. Qe1+ Qe7 11. Qxe7+ Kxe7 12. Re1+ Kf8 13. Ne4 Nxe4 14. Rxe4 Bf5 15. Re2
Nd7 16. Nc3 a6 17. Bxf4 Bxf4 18. Rf1 Re8 19. Rxf4 Rxe2 20. Bxe2 Bg6 21. Bxg4
Nb6 22. Rf2 Kg7 23. h5 Bh7 24. b3 Re8 25. Bf5 Bxf5 26. Rxf5 Re3 27. Rf3 Rxf3
28. gxf3 Kf6 29. Ne4+ Kf5 30. d6 cxd6 31. Nxd6+ Kg5 32. c4 Kxh5 33. Nxb7 Kg5
34. c5 Nd5 35. c6 Kf6 36. Nc5 a5 37. Nb7 a4 38. bxa4 Ke7 39. a3 Nb6 (39... Ke6
$18) 40. a5 Na8 (40... Nd5 $18 {sonst gehen die Lichter sofort aus}) 41. d5 (
41. d5 Kf6 42. d6 $18) 1-0

[Event "ICS Rated blitz match"]
[Site "207.99.83.227"]
[Date "1999.05.15"]
[Round "?"]
[White "blunite"]
[Black "Hossa"]
[Result "0-1"]
[WhiteElo "2240"]
[BlackElo "2516"]
[PlyCount "112"]

1. e4 e5 2. Nf3 Nf6 3. d4 exd4 4. e5 Ne4 5. Qxd4 f5 6. exf6 Nxf6 7. Nc3 Nc6 8.
Qf4 Nb4 9. Qd2 Bc5 10. a3 Nc6 11. Bc4 Qe7+ 12. Qe2 Qxe2+ 13. Kxe2 Nd4+ 14. Nxd4
Bxd4 15. Nd5 Nxd5 16. Bxd5 Rf8 17. f3 Rf5 18. Be4 Rh5 19. h4 d5 20. Bd3 Kf8 21.
c3 Bf6 22. g3 Re5+ 23. Kf2 Kg8 24. Bf4 Re7 25. Rae1 c6 26. h5 h6 27. Rxe7 Bxe7
28. Re1 Bc5+ 29. Kg2 Bd7 30. b4 Bf8 31. c4 a5 32. c5 axb4 33. axb4 Ra2+ 34. Re2
Rxe2+ 35. Bxe2 Be7 36. g4 Bf6 37. Bd2 Bd4 38. Kg3 Be6 39. f4 Kf7 40. Bd3 Ke7
41. Kf3 Bf7 42. Bf5 Kd8 43. Ke2 Kc7 44. Kd3 Ba1 45. Bg6 Bxg6+ 46. hxg6 Kd7 47.
Bc3 Bxc3 48. Kxc3 Ke6 49. Kd4 Kf6 50. f5 h5 51. gxh5 Kxf5 52. h6 Kxg6 53. hxg7
Kxg7 54. b5 Kf6 55. bxc6 bxc6 56. Kd3 56... Ke5 {blunite resigns} 0-1

[Event "ICS rated blitz match"]
[Site "207.99.83.227"]
[Date "1999.05.15"]
[Round "?"]
[White "Hossa"]
[Black "blunite"]
[Result "1-0"]
[WhiteElo "2521"]
[BlackElo "2243"]
[PlyCount "45"]

1. e4 e5 2. f4 exf4 3. Nf3 d6 4. d4 g5 5. h4 g4 6. Ng5 h6 7. Nxf7 Kxf7 8. Bc4+
Kg7 9. Bxf4 Nc6 10. Nc3 Be7 11. Nd5 Nf6 12. O-O Rf8 13. Qd2 Ng8 14. h5 Bd7 15.
Nxe7 Qxe7 16. Bxg8 Kxg8 17. Bxh6 Rxf1+ 18. Rxf1 Kh7 19. Bg5 Qg7 20. Rf6 Be8 21.
Rh6+ Kg8 22. Bf6 Qf7 23. Rh8# {blunite checkmated} 1-0

[Event "ICS rated blitz match"]
[Site "207.99.83.227"]
[Date "1999.05.15"]
[Round "?"]
[White "Hossa"]
[Black "NickRus"]
[Result "1-0"]
[WhiteElo "2531"]
[BlackElo "2398"]
[PlyCount "57"]

1. e4 e6 2. d3 d5 3. exd5 exd5 4. Nf3 Nf6 5. Bg5 Be7 6. Be2 O-O 7. O-O c5 8. d4
c4 9. Re1 Nc6 10. b3 cxb3 11. axb3 Bf5 12. c4 Nb4 13. Ra4 Nc2 14. Rf1 Nb4 15.
Bxf6 gxf6 16. Qd2 a5 17. Nc3 Re8 18. Nxd5 Nxd5 19. cxd5 Qxd5 20. Bc4 Qd8 21.
Bb5 Rf8 22. Qh6 Bb4 23. Rd1 Bg4 24. Bd3 f5 25. Ng5 Qxg5 26. Qxg5+ Kh8 27. f3
Bxf3 28. Qxf5 Bxd1 29. Qxh7# {NickRus checkmated} 1-0

[Event "ICS rated blitz match"]
[Site "207.99.83.227"]
[Date "1999.05.15"]
[Round "?"]
[White "blunite"]
[Black "Hossa"]
[Result "0-1"]
[WhiteElo "2256"]
[BlackElo "2541"]
[PlyCount "64"]

1. e4 e5 2. Nf3 Nf6 3. d4 exd4 4. e5 Ne4 5. Qxd4 f5 6. Bc4 Bc5 7. Qd5 Bxf2+ 8.
Ke2 Rf8 9. Bg5 Nxg5 10. Kxf2 Ne4+ 11. Ke2 c6 12. Qd4 c5 13. Qd3 Nc6 14. c3 Qc7
15. Nbd2 Nxe5 16. Nxe5 Qxe5 17. Nxe4 fxe4 18. Qd5 d6 19. Bb5+ Kd8 20. Qxe5 dxe5
21. Ke3 Bf5 22. b4 cxb4 23. cxb4 Rf6 24. Rhd1+ Kc7 25. Rac1+ Kb6 26. Bd7 g6 27.
a4 a6 28. a5+ Ka7 29. Rc7 Rf7 30. Bxf5 Rxc7 31. Bxe4 Rc3+ 32. Ke2 32... Rc4 {
blunite resigns} 0-1

[Event "ICS rated blitz match"]
[Site "207.99.83.227"]
[Date "1999.05.15"]
[Round "?"]
[White "Hossa"]
[Black "blunite"]
[Result "1-0"]
[WhiteElo "2551"]
[BlackElo "2233"]
[PlyCount "65"]

1. e4 e5 2. f4 exf4 3. Nf3 d6 4. d4 g5 5. h4 g4 6. Ng5 h6 7. Nxf7 Kxf7 8. Bc4+
Kg6 9. h5+ Kh7 10. Bxf4 Nc6 11. e5 Bf5 12. Bd3 Qc8 13. O-O d5 14. Bxf5+ Qxf5
15. Bxh6 Qxh5 16. Bxf8 Rxf8 17. Rxf8 Kg7 18. Rf1 Qh4 19. e6 Nf6 20. Rxf6 Kxf6
21. Nc3 Kxe6 22. Qe1+ Kd6 23. Qxh4 Rxh4 24. Rd1 g3 25. Ne2 Rg4 26. Rd3 Ke6 27.
c3 Ne7 28. Rxg3 Rxg3 29. Nxg3 b6 30. Nh5 Kf5 31. Ng7+ Kf6 32. Ne8+ Kf5 33. Nxc7
{blunite resigns} 1-0

[Event "ICS rated blitz match"]
[Site "207.99.83.227"]
[Date "1999.05.15"]
[Round "?"]
[White "gambit2"]
[Black "Hossa"]
[Result "1/2-1/2"]
[WhiteElo "2390"]
[BlackElo "2555"]
[PlyCount "64"]

1. e4 e5 2. Nf3 Nf6 3. d4 exd4 4. e5 Ne4 5. Qxd4 f5 6. exf6 Nxf6 7. Qe5+ Be7 8.
Bf4 d6 9. Qb5+ c6 10. Qc4 d5 11. Qc3 O-O 12. Qe3 Ng4 13. Qc1 Qb6 14. Be3 Bc5
15. Bd3 Re8 16. Be2 Bxe3 17. fxe3 Qxe3 18. Qxe3 Nxe3 19. Na3 Bf5 20. Nd4 Be4
21. Kd2 c5 22. Ndb5 Na6 23. Kxe3 Bxg2+ 24. Kd2 Bxh1 25. Rxh1 Re7 26. Bf3 Nb4
27. c3 Rf8 28. Rf1 Ref7 29. Ke2 Re8+ 30. Kd2 Ref8 31. Ke2 Re8+ 32. Kd2 32...
Ref8 {Game drawn by repetition} 1/2-1/2

[Event "ICS rated blitz match"]
[Site "207.99.83.227"]
[Date "1999.05.15"]
[Round "?"]
[White "Hossa"]
[Black "gambit2"]
[Result "1-0"]
[WhiteElo "2548"]
[BlackElo "2397"]
[PlyCount "93"]

1. e4 e5 2. f4 exf4 3. Nf3 g5 4. Bc4 Bg7 5. h3 Nc6 6. O-O h5 7. h4 gxh4 8. d4
h3 9. gxh3 Qf6 10. e5 Qg6+ 11. Kh1 Qf5 12. Ng1 Qe4+ 13. Nf3 Nge7 14. Bd3 Qd5
15. Nc3 Qa5 16. Bxf4 Nd5 17. Nxd5 Qxd5 18. c4 Qe6 19. Ng5 Qe7 20. Be4 Nd8 21.
Rg1 Qb4 22. b3 Qe7 23. Qe2 Nc6 24. Rad1 Nd8 25. Bd2 Nc6 26. Bc3 Rh6 27. Bd5 f5
28. Bf7+ Kf8 29. Bxh5 d6 30. Rde1 dxe5 31. dxe5 Qc5 32. Nf7 Rh7 33. Qf3 Qe7 34.
Ng5 Rh6 35. a4 Nxe5 36. Nf7 Qxf7 37. Bb4+ Rd6 38. Rxe5 Bxe5 39. Bxf7 Kxf7 40.
Qh5+ Kf8 41. Qh7 Be6 42. Qxc7 Rc8 43. Bxd6+ Bxd6 44. Qxd6+ Kf7 45. Qe5 Rg8 46.
Rxg8 Kxg8 47. Qxe6+ {gambit2 resigns} 1-0

[Event "ICS rated blitz match"]
[Site "207.99.83.227"]
[Date "1999.05.15"]
[Round "?"]
[White "blunite"]
[Black "Hossa"]
[Result "0-1"]
[WhiteElo "2228"]
[BlackElo "2557"]
[PlyCount "110"]

1. e4 e5 2. Bc4 Nf6 3. Nc3 Bb4 4. d3 Nc6 5. Bd2 Na5 6. Bb3 Nxb3 7. axb3 O-O 8.
Nge2 d6 9. O-O Ng4 10. h3 Nf6 11. Ng3 Qe7 12. Bg5 Bxc3 13. bxc3 Qe6 14. c4 Nd7
15. Nf5 Kh8 16. Be3 a5 17. Qe1 b6 18. f3 Bb7 19. g4 Qg6 20. Qg3 f6 21. h4 h6
22. Kf2 Rae8 23. Rg1 Re6 24. Qh3 Rfe8 25. g5 fxg5 26. hxg5 h5 27. Rh1 Kg8 28.
Qg3 Rf8 29. Qh3 Rfe8 30. Rag1 a4 31. Nh4 Qh7 32. g6 Qh8 33. Nf5 axb3 34. cxb3
Nf6 35. Rg5 Bc8 36. Qg2 b5 37. Rh4 bxc4 38. bxc4 Ba6 39. Ng3 Kf8 40. Qh3 Ke7
41. Nxh5 Qg8 42. Ng3 Rb8 43. Nf5+ Kd7 44. Nxg7 Qxg7 45. Rh7 Nxh7 46. gxh7 Qh8
47. Rg6 Kc6 48. Rxe6 Bc8 49. d4 exd4 50. Bd2 Rb2 51. Ke2 Bxe6 52. Qxe6 Qxh7 53.
Qd5+ Kd7 54. Qxd4 Qh2+ 55. Ke3 55... Qg1+ {blunite resigns} 0-1

[Event "ICS rated blitz match"]
[Site "207.99.83.227"]
[Date "1999.05.15"]
[Round "?"]
[White "Hossa"]
[Black "gambit2"]
[Result "1-0"]
[WhiteElo "2561"]
[BlackElo "2388"]
[PlyCount "123"]

1. e4 d5 2. exd5 Qxd5 3. Nc3 Qc5 4. d4 Qb4 5. Nf3 Bg4 6. a3 Qd6 7. Bc4 Nf6 8.
O-O Na6 9. Be3 h6 10. Qe2 Bh5 11. Bb5+ c6 12. Bxa6 bxa6 13. Rac1 Qd7 14. Rfe1
Qb7 15. Rb1 g5 16. b3 Bg7 17. Na4 g4 18. Ne5 g3 19. Qc4 gxh2+ 20. Kxh2 Ng4+ 21.
Nxg4 Bxg4 22. d5 Bd7 23. Bc5 Bf6 24. d6 Be6 25. Rxe6 fxe6 26. Qxe6 Qd7 27.
Qxd7+ Kxd7 28. dxe7 Rh7 29. Re1 Rg8 30. Kh3 Bxe7 31. Bxe7 Rxe7 32. Nc5+ Ke8 33.
Rxe7+ Kxe7 34. Nxa6 Rg5 35. f4 Ra5 36. Nb4 Kd6 37. a4 c5 38. Nd3 c4 39. Ne5
cxb3 40. cxb3 Kd5 41. Kh4 Ke4 42. g3 Ra6 43. Kh5 Rb6 44. Nc4 Ra6 45. a5 Kd3 46.
Ne5+ Kd4 47. b4 Kc3 48. g4 Kxb4 49. Ng6 Kxa5 50. Kxh6 Rd6 51. f5 Kb4 52. g5 Rd7
53. f6 Kc5 54. Ne5 Rd1 55. f7 Rf1 56. Nd7+ Kd6 57. f8=Q+ Rxf8 58. Nxf8 Ke7 59.
g6 Kxf8 60. Kh7 Ke7 61. g7 Kd6 62. g8=Q {gambit2 resigns} 1-0

[Event "ICS rated blitz match"]
[Site "207.99.83.227"]
[Date "1999.05.15"]
[Round "?"]
[White "Hossa"]
[Black "knightmare51"]
[Result "1/2-1/2"]
[WhiteElo "2570"]
[BlackElo "2176"]
[PlyCount "49"]

1. e4 e6 2. d3 d5 3. exd5 exd5 4. Nf3 Nf6 5. Bg5 Bd6 6. Qe2+ Be6 7. Nd4 O-O 8.
Nxe6 fxe6 9. Qxe6+ Kh8 10. Be2 Nc6 11. c3 Ne5 12. Bxf6 Rxf6 13. Qxd5 c6 14. Qb3
Qe7 15. O-O Raf8 16. Nd2 Ng6 17. Ne4 Nf4 18. Bf3 Rg6 19. Nxd6 Rxg2+ 20. Kh1
Rxh2+ 21. Kxh2 Qh4+ 22. Kg1 Qg5+ 23. Kh1 Qh4+ 24. Kg1 Qg5+ 25. Kh1 {
Game drawn by mutual agreement} 1/2-1/2

[Event "ICS rated blitz match"]
[Site "207.99.83.227"]
[Date "1999.05.15"]
[Round "?"]
[White "knightmare51"]
[Black "Hossa"]
[Result "1-0"]
[WhiteElo "2189"]
[BlackElo "2557"]
[Annotator "Crafty v16.6"]
[PlyCount "68"]

{annotating for player ossa using a scoring margin of +0.20 pawns. search time
limit is 1:00} 1. e4 1... e5 2. Nc3 Bb4 3. Bc4 Nf6 4. Nge2 Nc6 5. O-O O-O 6. d3
Na5 7. f4 Bc5+ 8. Kh1 Ng4 9. fxe5 Nxc4 10. dxc4 Nf2+ 11. Rxf2 Bxf2 12. Bf4 b6 (
{10:+1.44} 12... b6 13. Nd4 Re8 14. Nf5 Re6 15. Qd2 Bc5 16. Bg5 Qf8 17. Qd5 $17
) ({10:+1.69} 12... c6 13. Ng3 Qb6 14. b3 Bxg3 15. Bxg3 Qe3 16. Qd3 Qg5 17. Rd1
17... Qg4 $19) 13. Qd5 Rb8 14. Rf1 Bc5 15. Qd3 Qh4 ({10:+0.99} 15... Qh4 16.
Qg3 Qh5 17. Qg5 Qxg5 18. Bxg5 Re8 19. Bf4 Ba6 20. e6 20... d6 $17) ({10:+1.36} 
15... Re8 16. Nd5 Re6 17. b4 Bf8 18. Nd4 Re8 19. Nf5 c6 20. e6 $17) 16. Bg3 Qg4
17. h3 Qe6 18. Nd5 b5 ({11:+0.41} 18... b5 19. cxb5 c6 20. b4 Bb6 21. Nef4 Qe8
22. bxc6 dxc6 23. Nxb6 axb6 24. Qd6 24... Ba6 $15) ({11:+1.05} 18... c6 19. b4
cxd5 20. cxd5 Qe7 21. bxc5 bxc5 22. e6 Rb2 23. exf7+ Rxf7 24. Rxf7 Qxf7 25. Bd6
Rxa2 26. Bxc5 $17) 19. cxb5 Bb6 ({10:-0.11} 19... Bb6 20. Bh4 Qxe5 21. Be7 Re8
22. Rf5 Rxe7 23. Rxe5 Rxe5 24. Nef4 $10) ({10:+0.37} 19... c6 20. b4 Bb6 21.
Nxb6 Rxb6 22. Bf2 Rb7 23. Bc5 Re8 24. bxc6 dxc6 25. Nd4 $15) 20. Nef4 Qe8 21.
Nh5 Qd8 ({9:-1.02} 21... Qd8 22. Nhf6+ Kh8 23. Bh4 c6 24. bxc6 dxc6 25. Nxh7
Qxh4 26. Nxf8 cxd5 27. exd5 $16) ({9:-0.47} 21... Qe6 22. Bh4 Qh6 23. Qf3 Bc5
24. Be7 Bxe7 25. Nxe7+ Kh8 26. Nf5 Qe6 27. Nhxg7 27... Qxe5 $14) 22. Qf3 Qg5
23. Bf4 Qh4 24. Bg3 Qg5 25. h4 Qh6 26. Bf4 Qe6 27. Nhf6+ Kh8 28. Qh5 gxf6 29.
Nxf6 Qxf6 30. exf6 Bb7 31. Bh6 Bxe4 32. Qg5 Bg6 33. h5 Rfe8 34. hxg6 fxg6 1-0

[Event "ICS rated blitz match"]
[Site "207.99.83.227"]
[Date "1999.05.15"]
[Round "?"]
[White "CHFS"]
[Black "Hossa"]
[Result "0-1"]
[WhiteElo "2191"]
[BlackElo "2528"]
[PlyCount "33"]

1. e4 e5 2. Nf3 Nf6 3. Nc3 Bb4 4. d3 d5 5. exd5 Nxd5 6. Bd2 Nc6 7. Be2 O-O 8.
O-O Bf5 9. Nxd5 Qxd5 10. a3 Be7 11. b4 a5 12. b5 Qxb5 13. d4 Qa4 14. Nxe5 Nxd4
15. Nd3 Qxc2 16. Qxc2 Nxc2 17. Rfc1 {CHFS resigns} 0-1